<?xml version="1.0" encoding="UTF-8"?>
<record
    xmlns:xsi="http://www.w3.org/2001/XMLSchema-instance"
    xsi:schemaLocation="http://www.loc.gov/MARC21/slim http://www.loc.gov/standards/marcxml/schema/MARC21slim.xsd"
    xmlns="http://www.loc.gov/MARC21/slim">

  <leader>02108    a2200205   4500</leader>
  <controlfield tag="001">55596</controlfield>
  <controlfield tag="005">20260407155829.0</controlfield>
  <controlfield tag="008">260407a1967    arg                 spa d</controlfield>
  <controlfield tag="003">AR-UNSa-BCEJYS</controlfield>
  <datafield tag="040" ind1=" " ind2=" ">
    <subfield code="a">AR-UNSa-BCEJYS</subfield>
    <subfield code="b">spa</subfield>
    <subfield code="c">AR-UNSa-BCEJYS</subfield>
  </datafield>
  <datafield tag="080" ind1=" " ind2=" ">
    <subfield code="a">330.1</subfield>
    <subfield code="x">Ciencia econ&#xF3;mica. Conceptos fundamentales de teor&#xED;a econ&#xF3;mica. Valor. Capital. Fondos</subfield>
  </datafield>
  <datafield tag="245" ind1="1" ind2="0">
    <subfield code="a">An&#xE1;lisis econ&#xF3;mico</subfield>
  </datafield>
  <datafield tag="264" ind1=" " ind2="1">
    <subfield code="a">Buenos Aires :</subfield>
    <subfield code="b">EUDEBA (Editorial Universitaria de Buenos Aires)</subfield>
    <subfield code="c">1967</subfield>
  </datafield>
  <datafield tag="300" ind1=" " ind2=" ">
    <subfield code="a">xvii, 653 p.</subfield>
    <subfield code="c">22 cm.</subfield>
  </datafield>
  <datafield tag="505" ind1=" " ind2=" ">
    <subfield code="a">Primera parte: Introducci&#xF3;n - I. Naturaleza y funciones del sistema econ&#xF3;mico - II. Naturaleza y alcance de la teor&#xED;a econ&#xF3;mica - III. Las unidades del sistema econ&#xF3;mico y la maximizaci&#xF3;n de los objetivos - IV. Relaciones de mercado - Segunda parte: Teor&#xED;a de la determinaci&#xF3;n de los precios y vol&#xFA;menes de producci&#xF3;n de mercanc&#xED;as - V. Demanda del consumidor - VI. Demanda dirigida a la empresa - VII. Teor&#xED;a de la producci&#xF3;n: Funciones de producci&#xF3;n - VIII. Naturaleza y comportamiento de los costos - IX. Determinaci&#xF3;n del precio y del volumen de producci&#xF3;n en condiciones de competencia pura - X. Diferenciaci&#xF3;n del producto y competencia monop&#xF3;lica - XI. Monopolio - XII. Oligopolio - Tercera parte: Teor&#xED;a de la determinaci&#xF3;n del precio de los factores - XIII. Introducci&#xF3;n a la teor&#xED;a de los precios de los factores y de la distribuci&#xF3;n del ingreso - XIV. Determinaci&#xF3;n del salario en econdiciones de competencia pura - XV. Determinaci&#xF3;n del salario en mercados d etrabajo no puramente competitivos - XVI. Los bienes de capital y las decisiones de inversi&#xF3;n - XVII. La teor&#xED;a del inter&#xE9;s - XVIII. Rentas y cuasi rentas - XIX. La teor&#xED;a del beneficio - XX. El equilibrio general de la econom&#xED;a - Cuarta parte: Ingreso nacional - XXI. Las magnitudes del ingreso nacional - XXII. El nivel del ingreso nacional - XXIII. Cambios en el ingreso nacional - Quinta parte: Econom&#xED;a del bienestar - XXIV. Rese&#xF1;a de la econom&#xED;a del bienestar</subfield>
  </datafield>
  <datafield tag="041" ind1=" " ind2=" ">
    <subfield code="a">spa</subfield>
  </datafield>
  <datafield tag="942" ind1=" " ind2=" ">
    <subfield code="c">BK</subfield>
  </datafield>
  <datafield tag="590" ind1=" " ind2=" ">
    <subfield code="a">niveau_biblio:m niveau_hierar:0</subfield>
  </datafield>
  <datafield tag="100" ind1="1" ind2=" ">
    <subfield code="a">Due, John F.</subfield>
  </datafield>
  <datafield tag="999" ind1=" " ind2=" ">
    <subfield code="c">5963</subfield>
    <subfield code="d">5963</subfield>
  </datafield>
  <datafield tag="952" ind1=" " ind2=" ">
    <subfield code="0">0</subfield>
    <subfield code="1">0</subfield>
    <subfield code="4">0</subfield>
    <subfield code="7">0</subfield>
    <subfield code="a">BCEJYS</subfield>
    <subfield code="b">BCEJYS</subfield>
    <subfield code="c">16</subfield>
    <subfield code="d">2026-04-07</subfield>
    <subfield code="l">0</subfield>
    <subfield code="o">330.1 D852</subfield>
    <subfield code="p">L22075</subfield>
    <subfield code="r">2026-04-07 15:58:29</subfield>
    <subfield code="w">2026-04-07</subfield>
    <subfield code="y">L</subfield>
  </datafield>
</record>
